Tablas para el cálculo del volumen de las carboneras verticales de su cantidad de carbono aprobechable y del volumen real de las maderas apiladas / (Record no. 34501)
[ view plain ]
| 000 -LEADER | |
|---|---|
| campo de control de longitud fija | 00739nam a2200193 i 4500 |
| 001 - NÚMERO DE CONTROL | |
| campo de control | 34501 |
| 003 - IDENTIFICADOR DE NÚMERO DE CONTROL | |
| campo de control | ES-MaACL |
| 005 - FECHA Y HORA DE LA ÚLTIMA TRANSACCIÓN | |
| campo de control | 20230906154938.0 |
| 007 - CAMPO FIJO DE DESCRIPCIÓN FÍSICA--INFORMACIÓN GENERAL | |
| campo de control de longitud fija | t| |
| 008 - DATOS DE LONGITUD FIJA--INFORMACIÓN GENERAL | |
| campo de control de longitud fija | 030207s1901 sp ||||1| spa d |
| 100 1# - ENTRADA PRINCIPAL--NOMBRE DE PERSONA | |
| Nombre de persona | Bohmerle, Emil. |
| 9 (RLIN) | 29832 |
| 245 10 - MENCIÓN DEL TÍTULO | |
| Título | Tablas para el cálculo del volumen de las carboneras verticales de su cantidad de carbono aprobechable y del volumen real de las maderas apiladas / |
| Mención de responsabilidad, etc. | Emil Bohmerle ; traducción de Felipe Monteverde. |
| 260 ## - PUBLICACIÓN, DISTRIBUCIÓN, ETC. | |
| Lugar de publicación, distribución, etc. | Madrid : |
| Nombre del editor, distribuidor, etc. | R. Rojas, |
| Fecha de publicación, distribución, etc. | 1901. |
| 300 ## - DESCRIPCIÓN FÍSICA | |
| Extensión | 75 p., [2] h. pleg. ; |
| Dimensiones | 22 cm. |
| 650 #4 - PUNTO DE ACCESO ADICIONAL DE MATERIA--TÉRMINO DE MATERIA | |
| Término de materia o nombre geográfico como elemento de entrada | Carbón vegetal. |
| 9 (RLIN) | 148087 |
| 700 1# - ENTRADA AGREGADA--NOMBRE PERSONAL | |
| Nombre de persona | Monteverde, Felipe. |
| 9 (RLIN) | 82618 |
| 852 ## - LOCALIZACIÓN | |
| Ubicación | ES-MaACL |
| Número de control de estantería | T-1006-F-14 |
| Nota libre | .- 16 p. |
| 852 ## - LOCALIZACIÓN | |
| Ubicación | ES-MaACL |
| Número de control de estantería | G-9537(5) |
| Nota libre | .- p. [16]-75, [2] h. pleg. |
| Estatus retirado | Estado de pérdida | Estado de daño | No para préstamo | Biblioteca de origen | Biblioteca actual | Ubicación en estantería | Fecha de adquisición | Fuente de adquisición | Total de préstamos | Signatura topográfica completa | Código de barras | Visto por última vez | Precio de reemplazo | Tipo de ítem Koha | Colección |
|---|---|---|---|---|---|---|---|---|---|---|---|---|---|---|---|
| Biblioteca del Ateneo de Madrid | Biblioteca del Ateneo de Madrid | Sala Pecera Planta 3 | 20/11/2014 | G-9537(5) | 1193379 | 23/02/2023 | 23/02/2023 | Libro impreso antiguo | |||||||
| Biblioteca del Ateneo de Madrid | Biblioteca del Ateneo de Madrid | Depósito folletos | 17/01/2008 | T-1006-F-14 | 1035987 | 23/02/2023 | 23/02/2023 | Folleto | Colección de folletos |
